000 00738nam a22002057a 4500
999 _c466
_d466
003 AR-CdUCM
008 190223b ||||| |||| 00| 0 spa d
040 _aMUNICIPALIDAD PROVINCIAL DEL CUSCO
_cBIBLIOTECA MUNICIPAL DEL CUSCO
082 _a808.83 /
_bB66
100 _aBoero Rojo, Carlos
_91403
245 _a¡Acorralados!
_b(Mención concurso ‘Franz Tamayo’ 1992, ed. 1993) /
_cBoero Rojo, Carlos
260 _aLa Paz - Bolivia:
_bEdiciones Nogales,
_c1993.
300 _a408 paginas ;
_c20.5 cm.
505 _aAmerica India -- Bolivia Autoctona -- Antropologia de Bolivia...
650 _aAntropologia Boliviana
_91843
650 _aAmerica India
_91844
650 _aAutoctono Bolivia
_91845
942 _2ddc
_cLIBROS
945 _artm